ARRUPE JESUIT UNIVERSITY

CORONAVIRUS -STOP THE SPREAD - CLEAN,DISINFECT,COVER

Galileo and the art of reasoning : (Record no. 122702)

MARC details
000 -LEADER
fixed length control field 01356cam a2200349 i 4500
001 - CONTROL NUMBER
control field 4662632
003 - CONTROL NUMBER IDENTIFIER
control field ARRUPE
005 - DATE AND TIME OF LATEST TRANSACTION
control field 20150416175602.0
008 - FIXED-LENGTH DATA ELEMENTS--GENERAL INFORMATION
fixed length control field 800513s1980 ne b 001 0 eng
010 ## - LIBRARY OF CONGRESS CONTROL NUMBER
LC control number 80015232
020 ## - INTERNATIONAL STANDARD BOOK NUMBER
International Standard Book Number 9027710945
020 ## - INTERNATIONAL STANDARD BOOK NUMBER
International Standard Book Number 9027710953 (pbk.)
040 ## - CATALOGING SOURCE
Original cataloging agency DLC
Transcribing agency DLC
Modifying agency DLC
050 00 - LIBRARY OF CONGRESS CALL NUMBER
Classification number Q174
Item number .B67 vol. 61
Classification number B785.G24
082 00 - DEWEY DECIMAL CLASSIFICATION NUMBER
Classification number 160
300 ## - PHYSICAL DESCRIPTION
Dimensions 23 cm.
100 1# - MAIN ENTRY--PERSONAL NAME
Personal name Finocchiaro, Maurice A.,
Dates associated with a name 1942-
9 (RLIN) 17304
245 10 - TITLE STATEMENT
Title Galileo and the art of reasoning :
Remainder of title rhetorical foundations of logic and scientific method /
Statement of responsibility, etc Maurice A. Finocchiaro.
260 ## - PUBLICATION, DISTRIBUTION, ETC. (IMPRINT)
Place of publication, distribution, etc Dordrecht, Holland ;
-- Boston :
Name of publisher, distributor, etc D. Reidel Pub. Co. ;
Place of publication, distribution, etc Hingham, MA :
Name of publisher, distributor, etc sold and distributed in the U.S.A. by Kluwer Boston,
Date of publication, distribution, etc c1980.
300 ## - PHYSICAL DESCRIPTION
Extent xx, 478 p. ;
440 #0 - SERIES STATEMENT/ADDED ENTRY--TITLE
Title Boston studies in the philosophy of science ;
Volume number/sequential designation v. 61
9 (RLIN) 17305
500 ## - GENERAL NOTE
General note Includes index.
504 ## - BIBLIOGRAPHY, ETC. NOTE
Bibliography, etc Bibliography: p. 454-463.
600 10 - SUBJECT ADDED ENTRY--PERSONAL NAME
Personal name Galilei, Galileo,
Dates associated with a name 1564-1642.
9 (RLIN) 11368
600 10 - SUBJECT ADDED ENTRY--PERSONAL NAME
Personal name Galilei, Galileo,
Dates associated with a name 1564-1642.
Title of a work Dialogo dei massimi sistemi.
9 (RLIN) 17306
650 #0 - SUBJECT ADDED ENTRY--TOPICAL TERM
Topical term or geographic name as entry element Logic, Modern
General subdivision History.
9 (RLIN) 17307
650 #0 - SUBJECT ADDED ENTRY--TOPICAL TERM
Topical term or geographic name as entry element Reasoning.
9 (RLIN) 12415
650 #0 - SUBJECT ADDED ENTRY--TOPICAL TERM
Topical term or geographic name as entry element Science
General subdivision Methodology
-- History.
9 (RLIN) 17308
650 #0 - SUBJECT ADDED ENTRY--TOPICAL TERM
Topical term or geographic name as entry element Astronomy
Form subdivision Early works to 1800.
9 (RLIN) 13920
651 #0 - SUBJECT ADDED ENTRY--GEOGRAPHIC NAME
Geographic name Solar system
Form subdivision Early works to 1800.
9 (RLIN) 17309
906 ## - LOCAL DATA ELEMENT F, LDF (RLIN)
a 7
b cbc
c orignew
d 1
e ocip
f 19
g y-gencatlg
942 ## - ADDED ENTRY ELEMENTS (KOHA)
Source of classification or shelving scheme Library of Congress Classification
Koha item type Monograph ( Printed materials)
Holdings
Withdrawn status Lost status Source of classification or shelving scheme Damaged status Not for loan Collection code Home library Current library Shelving location Date acquired Total Checkouts Full call number Barcode Date last seen Price effective from Koha item type
    Library of Congress Classification     Main Collection ARRUPE LIBRARY ARRUPE LIBRARY Main Collection 16/04/2015   B785.G24F56 vol. 61 46500002433 16/04/2015 16/04/2015 Monograph ( Printed materials)

 

Arrupe Library. PO Box MP320 Mt Pleasant, Harare, Zimbabwe
263 242 745411|librarian@aju.ac.zw